| 000 | 00408nam a2200181Ia 4500 | ||
|---|---|---|---|
| 001 | 13410 | ||
| 005 | 20260306164759.0 | ||
| 008 | 260306t2015||||xx |||||||||||||| ||spa|| | ||
| 041 | _aESP | ||
| 082 |
_a004 _bG36 |
||
| 100 |
_aGeng, Hwaiyu _eAUT |
||
| 245 | 0 | _aData center handbook | |
| 260 | _c2015 | ||
| 300 |
_a682 páginas : _c28 cm. |
||
| 650 | _aGEN | ||
| 654 | _aCCC | ||
| 942 |
_cLIB _dJUS _fJUS _2ddc _n |
||
| 999 |
_c13410 _d13410 |
||